EFFECTIF PORTUGAL 2026 - Statistiques

Statistiques générales
  • Ce quiz a été pris 133 fois
    126 depuis la dernière actualisation
  • Le résultat moyen est 16 sur 24
Statistiques - réponses
POSTE JOUEUR % Correct
MILIEU JOAO NEVES
97%
ATTAQUANT RONALDO
97%
MILIEU NEVES
95%
MILIEU VITINHA
94%
DEFENSEUR MENDES
90%
ATTAQUANT LEAO
85%
MILIEU FERNANDES
82%
GARDIEN SILVA
82%
DEFENSEUR SILVA
82%
MILIEU SILVA
82%
GARDIEN COSTA
80%
DEFENSEUR DIAS
79%
ATTAQUANT RAMOS
78%
DEFENSEUR CANCELO
65%
GARDIEN SA
63%
ATTAQUANT FELIX
62%
ATTAQUANT NETO
59%
DEFENSEUR INACIO
51%
ATTAQUANT CONCEICAO
50%
DEFENSEUR DALOT
41%
ATTAQUANT TRINCAO
38%
MILIEU NUNES
22%
MILIEU NUNES
22%
ATTAQUANT QUENDA
5%
Aucun quiz correspondant
Distribution des résultats
% des personnes avec chaque résultat
Percentile par nombre de réponses
Votre historique - résultats
Vous n’avez pas pris ce quiz depuis la dernière actualisation